People on U.S. Currency - Sudden Death - Statistics

General Stats
  • This quiz has been taken 132 times
  • The average score is 6 of 11
Answers on the Grid
Answers color-coded by a green-red scale on the quiz's grid according to % correct below.
George Washington
Abraham Lincoln
Benjamin Franklin
Andrew Jackson
Alexander Hamilton
Sacagawea
Susan B. Anthony
Ulysses S. Grant
Thomas Jefferson
John F. Kennedy
Franklin D. Roosevelt
Theodore Roosevelt
Martin Luther King Jr.
James Monroe
Pocahontas
John Paul Jones
Zachary Taylor
Douglas MacArthur
William Tecumseh Sherman
Mark Twain
 
Answer Stats
Answer % Correct
$100 bill Benjamin Franklin
73%
5¢ coin, $20 bill Andrew Jackson
67%
25¢ coin, $1 bill George Washington
67%
$50 bill Ulysses S. Grant
67%
1¢ coin, $5 bill Abraham Lincoln
60%
$2 bill Thomas Jefferson
60%
$10 bill Alexander Hamilton
47%
10¢ coin Franklin D. Roosevelt
47%
50¢ coin John F. Kennedy
33%
$1 coin Sacagawea
20%
$1 coin Susan B. Anthony
20%
No matching quizzes found
Score Distribution
Percent of People with Each Score
Percentile by Number Answered
Your Score History
You have not taken this quiz